BULLETIN OF ENTOMOLOGICAL RESEARCH (Record no. 1284)
[ view plain ]
| 000 -LEADER | |
|---|---|
| fixed length control field | 00419nam a2200145Ia 4500 |
| 022 ## - INTERNATIONAL STANDARD SERIAL NUMBER | |
| ISSN | 0007-4853 |
| 245 #0 - TITLE STATEMENT | |
| Title | BULLETIN OF ENTOMOLOGICAL RESEARCH |
| 260 ## - PUBLICATION, DISTRIBUTION, ETC. (IMPRINT) | |
| Name of publisher | Commonwealth Institute of Entomology, London |
| Place of publication | UK |
| 310 ## - CURRENT PUBLICATION FREQUENCY | |
| Current publication frequency | Q |
| 500 ## - GENERAL NOTE | |
| General note | Ending Volume & Year: 75, 1985 |
| 500 ## - GENERAL NOTE | |
| General note | Missing Volume: 61;62 |
| 500 ## - GENERAL NOTE | |
| General note | Starting Volume & Year: 56, 1965 |
| 942 ## - ADDED ENTRY ELEMENTS (KOHA) | |
| Koha item type | Bound Journal |
| Withdrawn status | Lost status | Damaged status | Not for loan | Home library | Current library | Date acquired | Accession Number | Koha item type |
|---|---|---|---|---|---|---|---|---|
| Bound journals | RRII Library | RRII Library | 31/12/2021 | 01268J | Bound Journal |